[Event "Asian Zonal 3.3 Women 2019"]
[Site "Ulaanbaatar"]
[Date "2019.04.10"]
[Round "4.2"]
[White "Yanjinlkham, Bayarsaikhan"]
[Black "Ulziikhishigjargal, Ochirkhuyag"]
[Result "0-1"]
[WhiteElo "1951"]
[BlackElo "1843"]
[Annotator "NA RC"]
[PlyCount "74"]
[EventDate "2019.04.07"]
[EventType "swiss"]
[EventRounds "9"]
[EventCountry "MGL"]
[SourceTitle "playchess.com"]
[Source "ChessBase"]
[SourceQuality "1"]
[TimeControl "40/5400+30:1800+30"]

1. d4 d5 2. Nf3 Nc6 3. g3 Nf6 4. Bg2 Bf5 5. Nh4 Bg6 6. O-O e6 7. b3 Be7 8. Nxg6 hxg6 9. Bb2 Bd6 10. Nd2 Ne7 11. e4 dxe4 12. Qe2 c6 13. c4 O-O 14. Nxe4 Nxe4 15. Bxe4 a5 16. a4 Re8 17. Rad1 Qd7 18. Rd3 Rad8 19. Qd1 Nf5 20. Bc3 Bb4 21. Bxb4 axb4 22. Bxf5 gxf5 23. Qd2 e5 24. Qxb4 exd4 25. Rfd1 Re4 26. c5 Qe7 27. Rxd4 Rdxd4 28. Rxd4 Re5 29. Qa5 Re1+ 30. Kg2 Qe2 31. Qd8+ Kh7 32. Qh4+ Kg6 33. g4 Qf1+ 34. Kf3 Qh1+ 35. Kf4 Re4+ 36. Rxe4 Qxe4+ 37. Kg3 f4+ 0-1

[Event "Asian Zonal 3.3 Women 2019"]
[Site "Ulaanbaatar"]
[Date "2019.04.10"]
[Round "4.3"]
[White "Sukandar, Irine Kharisma"]
[Black "Nguyen, Thi Thanh An"]
[Result "1-0"]
[WhiteElo "2384"]
[BlackElo "2264"]
[Annotator "TA"]
[PlyCount "73"]
[EventDate "2019.04.07"]
[EventType "swiss"]
[EventRounds "9"]
[EventCountry "MGL"]
[SourceTitle "playchess.com"]
[Source "ChessBase"]
[SourceQuality "1"]

{[%evp 19,73,33,47,25,74,76,73,41,69,49,48,42,66,38,45,33,54,50,81,44,56,28,34,17,23,31,59,57,331,318,427,427,427,419,419,419,498,495,463,446,548,529,627,588,706,691,718,716,843,835,1411,1017,1756,1285,29985,11872]} 1. e4 c5 2. Nf3 d6 3. Bb5+ Nc6 4. O-O Bd7 5. Re1 a6 6. Bxc6 Bxc6 7. d4 cxd4 8. Nxd4 e6 {B51: Sicilian: Moscow Variation (3 Bb5+) without 3...Bd7} (8... Bd7 9. c4 e6 10. b3 Nf6 11. a4 Be7 12. Nc3 Qa5 13. Qd2 Rd8 14. Ba3 Bc8 15. Rad1 Qc7 16. h3 {½-½ (56) Timofeev,A (2579)-Fedoseev,V (2706) Sochi 2018}) 9. Nxc6 bxc6 10. c4 Nf6 {LiveBook: 9 Games. White is slightly better.} 11. Qf3 e5 $146 ({Predecessor:} 11... Nd7 12. Nc3 Qf6 13. Qd1 Be7 14. f4 Qg6 15. b3 Rd8 16. Bb2 {0-1 (37) Kuzmin,G (2530)-Morozevich,A (2385) Moscow 1992}) 12. Bg5 Be7 13. Nc3 Qd7 14. Bxf6 (14. Rad1 {looks sharper.} Qe6 15. b3 O-O 16. Rd3 h6 17. Bc1) 14... Bxf6 15. Red1 Qe6 16. Qd3 O-O 17. b4 Be7 18. a4 Rfc8 19. g3 h5 20. Rab1 h4 21. a5 g6 22. Na4 hxg3 23. hxg3 {aiming for Nb6.} Kg7 $2 {[%mdl 8192]} (23... Rf8 $14) 24. Nb6 $1 $18 {[%csl LRa8,LRc8][%mdl 64] [#] Double Attack} Rh8 25. Nxa8 Qh3 {[%csl Gh8][%cal Rh3h1]} 26. Qf3 Rxa8 27. b5 axb5 28. cxb5 cxb5 29. Rxb5 Qe6 30. Kg2 Ra6 31. Qd3 Qc8 32. Qd5 Ra7 33. Rdb1 Qd8 34. Rb6 Kf6 35. a6 Qc8 36. Rb7 Qa8 37. R1b3 {Accuracy: White = 73%, Black = 26%.} (37. Rxa7 $142 Qxa7 38. Qb7 Qxb7 39. axb7 Kg7 40. b8=Q Bf8 41. Rb7 Be7 42. Rxe7) 1-0

[Event "Asian Zonal 3.3 Women 2019"]
[Site "Ulaanbaatar"]
[Date "2019.04.10"]
[Round "4.4"]
[White "Altantuya, Boldbaatar"]
[Black "Pham, Le Thao Nguyen"]
[Result "1/2-1/2"]
[WhiteElo "2223"]
[BlackElo "2383"]
[Annotator "TA"]
[PlyCount "63"]
[EventDate "2019.04.07"]
[EventType "swiss"]
[EventRounds "9"]
[EventCountry "MGL"]
[SourceTitle "playchess.com"]
[Source "ChessBase"]
[SourceQuality "1"]

{[%evp 20,63,33,22,30,22,44,25,28,32,78,78,80,84,106,98,116,97,108,84,88,0,0,0,0,0,0,0,0,-7,0,0,31,0,14,0,0,0,0,0,0,0,0,0,0,0]} 1. d4 Nf6 2. c4 e6 3. Nf3 b6 4. g3 Bb7 5. Bg2 Bb4+ 6. Nc3 O-O 7. Qc2 {E21: Nimzo-Indian: 4 Nf3} d6 8. O-O Nbd7 9. Rd1 Bxc3 10. Qxc3 Qe7 (10... a6 11. b3 b5 12. c5 Be4 13. Qa5 Nb8 14. Bg5 {½-½ (31) Wojtaszek,R (2727)-Sargissian,G (2691) Batumi 2018}) 11. b3 {LiveBook: 5 Games} Be4 12. Bb2 c6 13. Qe3 $146 ({Predecessor:} 13. Bf1 Rac8 14. Rac1 h6 15. Nd2 Bg6 16. Bg2 d5 17. h3 Rfd8 18. b4 Kh7 19. Qb3 {0-1 (40) Radovanovic,M (2402)-Zajic,M (2507) Skopje 2018}) 13... Rfc8 14. Ba3 Nf8 15. g4 {[%cal Bg3g4,Bg4g5][%mdl 32] [#] Strongly threatening g5.} Bxf3 16. Qxf3 Ng6 17. Qg3 Ne8 18. g5 Qc7 19. e4 e5 20. dxe5 ({White should try} 20. Bc1 $16) 20... dxe5 $11 21. Bc1 Rd8 22. Be3 Rxd1+ 23. Rxd1 Rd8 24. Qg4 Rxd1+ 25. Qxd1 Nf4 26. Bxf4 exf4 {The position is equal.} 27. Qd4 Qe7 28. h4 h6 29. e5 hxg5 30. Bxc6 gxh4 31. Qxf4 Nc7 32. Bd5 {Precision: White = 63%, Black = 62%.} 1/2-1/2

[Event "Asian Zonal 3.3 Women 2019"]
[Site "Ulaanbaatar"]
[Date "2019.04.10"]
[Round "4.5"]
[White "Aulia, Medina Warda"]
[Black "Nomindalai, Tumurbaatar"]
[Result "1-0"]
[WhiteElo "2362"]
[BlackElo "1958"]
[Annotator "TA"]
[PlyCount "83"]
[EventDate "2019.04.07"]
[EventType "swiss"]
[EventRounds "9"]
[EventCountry "MGL"]
[SourceTitle "playchess.com"]
[Source "ChessBase"]
[SourceQuality "1"]

{[%evp 17,83,18,32,33,45,27,60,37,48,22,52,38,35,33,50,29,65,50,64,57,45,62,72,72,67,75,57,82,102,-63,-52,-52,-47,-48,-41,-93,-77,-87,0,0,0,-20,-6,-20,0,-20,-20,-24,-20,-144,4,4,41,74,65,48,66,0,6407,6311,2465,2435,29987,1914,29991,29989,29993,29994]} 1. e4 d6 2. d4 Nf6 3. Nc3 e5 4. Nf3 Nbd7 5. Be2 Be7 6. O-O O-O 7. Re1 c6 8. a4 a5 9. h3 Qc7 10. Be3 {C41: Philidor Defence} Re8 11. Bf1 Nf8 12. Qd2 {White is slightly better.} Ng6 13. Rad1 Nh5 $146 ({Predecessor:} 13... Bf8 14. Qc1 h6 15. g3 Bd7 16. Bg2 b5 17. dxe5 dxe5 18. axb5 cxb5 {0-1 (62) Hansen,S (2281)-Kjartansson,D (2366) Reykjavik 2016}) 14. Bc4 Nhf4 15. Ne2 {[%cal Re3f4]} Nh5 16. c3 Rf8 17. Ba2 $36 {[%mdl 2048] White is more active.} Kh8 18. g4 Nf6 19. Ng3 $1 Ng8 20. dxe5 dxe5 21. Ng5 Bxg5 22. Bxg5 Be6 23. c4 $2 (23. Bxe6 $16 fxe6 24. Qd7) 23... f6 $15 24. Be3 Rad8 25. Qc3 c5 26. Nf5 (26. Bd2 $15) 26... N8e7 27. Bd2 Bxf5 (27... Nc6 $17) 28. exf5 $11 Nf4 29. Bb1 Nc6 30. Be4 Nd4 31. Kh1 b6 32. h4 Rfe8 33. g5 (33. b3 $11) 33... fxg5 (33... Qf7 $17 {...Qh5 is the strong threat.} 34. gxf6 gxf6 35. Bxf4 exf4) 34. hxg5 Rf8 35. Bxf4 $1 exf4 36. Qh3 Qc8 37. Rd3 ({White should try} 37. Qh4 $14 Rd7 38. Qxf4) 37... Nc2 $2 {[%mdl 8192]} (37... Rde8 $11) 38. Rxd8 $18 {[%mdl 64] [#] Discovered Attack} Rxd8 39. Bxc2 Rd2 40. Be4 (40. Qh5 $142 Qa8+ 41. Kg1 Qg8 42. Re8 Rd8 43. Rxg8+ Kxg8 44. f6 g6 {[#]} 45. Bxg6 $1 {[%mdl 576] Decoy}) 40... Rxf2 41. Qh4 Rxb2 42. f6 {Accuracy: White = 31%, Black = 31%.} 1-0

[Event "Asian Zonal 3.3 Women 2019"]
[Site "Ulaanbaatar"]
[Date "2019.04.10"]
[Round "4.6"]
[White "Doan, Thi Hong Nhung"]
[Black "Vo, Thi Kim Phung"]
[Result "1/2-1/2"]
[WhiteElo "1938"]
[BlackElo "2349"]
[Annotator "TA"]
[PlyCount "145"]
[EventDate "2019.04.07"]
[EventType "swiss"]
[EventRounds "9"]
[EventCountry "MGL"]
[SourceTitle "playchess.com"]
[Source "ChessBase"]
[SourceQuality "1"]

{[%evp 9,145,10,28,9,16,10,17,15,28,15,21,12,16,22,42,22,48,0,0,0,0,0,15,0,0,0,0,-10,0,-12,0,0,0,0,0,-15,-11,-51,-49,-55,-52,-149,-67,-122,-140,-133,-120,-126,-100,-98,-89,-100,-96,-102,-100,-102,-64,-57,-45,-52,-26,-83,-33,-108,-99,-95,-82,-86,-90,-189,-141,-190,-184,-188,-91,-126,-118,-207,-206,-241,-229,-264,-133,-190,-204,-241,-42,-41,-41,-40,-40,-50,0,0,0,0,0,0,0,0,0,0,0,0,22,0,0,0,0,0,0,0,0,0,0,-8,0,0,0,0,0,0,0,0,0,0,0,0,0,0,0,0,0,0,0,0,0,0]} 1. d4 Nf6 2. c4 e6 3. Nf3 Bb4+ 4. Bd2 Qe7 5. e3 O-O 6. Be2 {E11: Bogo-Indian} (6. Bxb4 Qxb4+ 7. Qd2 Qxd2+ 8. Nfxd2 b6 9. Nc3 Bb7 10. f3 Nc6 11. Kf2 Ne7 12. Bd3 d6 13. Nde4 Nxe4+ 14. Bxe4 Bxe4 15. Nxe4 {½-½ (37) Jobava,B (2714)-Ghaem Maghami,E (2556) Bandar e Anzali 2017}) 6... Bxd2+ 7. Qxd2 d6 8. O-O e5 9. Nc3 e4 10. Ne1 c6 11. Nc2 $146 ({Predecessor:} 11. f3 exf3 12. Bxf3 Be6 13. d5 cxd5 14. cxd5 Bf5 {½-½ (39) Plesek,J (2195)-Schula,M (2260) Czechia 1997}) 11... a5 12. b3 Bg4 13. a3 Bxe2 14. Qxe2 Nbd7 15. b4 Qe6 16. Rab1 axb4 17. Rxb4 b6 18. Rd1 d5 19. Rdb1 Rfc8 20. cxd5 Nxd5 21. Nxd5 Qxd5 22. R4b3 c5 23. dxc5 bxc5 {[%cal Bb6c5,Bc5c4][%mdl 32]} 24. h3 Ne5 25. Qb5 (25. Qd1 $15 Nd3 26. Rb7) 25... Qd6 (25... Nc4 $17 26. Rc3 Nd2) 26. a4 (26. Qe2 $15) 26... c4 $17 27. Rb4 Nd3 28. Qb6 Qxb6 29. Rxb6 Rxa4 30. Rb8 {[%cal Rb8c8]} Ra8 31. Rxa8 Rxa8 {[%mdl 4096] Endgame KRN-KRN} 32. Rb7 Kf8 33. Rc7 Ne5 34. Nd4 g6 35. Nb5 (35. f4 $1 $11 exf3 36. gxf3) 35... f5 36. Rc5 (36. Nd4 $15) 36... Nd3 37. Rxc4 Ra1+ $1 38. Kh2 Nxf2 {Strongly threatening ...Nd1.} 39. Rc8+ (39. Kg3 $17 {might work better.} Nd3 40. Rc7) 39... Ke7 40. Rc7+ Kf6 41. Nc3 Ra3 (41... Rh1+ $1 $19 {and Black stays clearly on top.} 42. Kg3 Nd3 43. Rxh7 Re1) 42. Kg3 {[#]} Nd3 $1 43. h4 (43. Kh2 $17) 43... Rb3 $19 44. Nd1 h5 45. Rc6+ Kg7 (45... Ke5 $19 {aiming for ...Rb1.} 46. Rc3 Rb1) 46. Nc3 (46. Rc7+ $17 {keeps fighting.} Kf6 47. Rc3) 46... Ne5 47. Rc5 {[#]} Kf6 $2 (47... Ng4 $1 $19 48. Nd1 Kh6) 48. Nd5+ $15 Kf7 49. Ra5 $1 Rd3 50. Kf4 Ng4 51. Kg5 $1 {The position is equal.} Nxe3 52. Ra7+ Ke6 53. Nf4+ {[%mdl 64] Double Attack} Ke5 $1 54. Nxg6+ Kd4 55. Nf4 Rb3 56. Kxh5 Rb8 57. Kg5 Rg8+ 58. Kf6 Nxg2 59. Nxg2 Rxg2 $11 {KR-KR} 60. Rd7+ Kc3 {Hoping for ...Rf2.} 61. Kxf5 e3 62. h5 Rh2 63. Kg6 Rg2+ 64. Kf6 Rf2+ 65. Kg6 Rg2+ 66. Kf6 e2 67. Re7 Rh2 68. Kg6 Kd3 69. h6 Rg2+ 70. Kf6 Rh2 71. Kg7 Rg2+ 72. Kf7 Rf2+ 73. Kg7 {Accuracy: White = 47%, Black = 45%.} 1/2-1/2

[Event "Asian Zonal 3.3 Women 2019"]
[Site "Ulaanbaatar"]
[Date "2019.04.10"]
[Round "4.7"]
[White "Munkhzul, Turmunkh"]
[Black "Le, Thanh Tu"]
[Result "1-0"]
[WhiteElo "2348"]
[BlackElo "2220"]
[Annotator "NA RC"]
[PlyCount "91"]
[EventDate "2019.04.07"]
[EventType "swiss"]
[EventRounds "9"]
[EventCountry "MGL"]
[SourceTitle "playchess.com"]
[Source "ChessBase"]
[SourceQuality "1"]
[TimeControl "40/5400+30:1800+30"]

1. e4 e6 2. d4 d5 3. Nd2 Be7 4. Ngf3 Nf6 5. e5 Nfd7 6. Bd3 c5 7. c3 Nc6 8. O-O a5 9. Re1 cxd4 10. cxd4 Qb6 11. Qa4 Qb4 12. Qxb4 Nxb4 13. Bb1 Nb6 14. a3 Nc6 15. Bd3 a4 16. Nf1 Bd7 17. Bd2 O-O 18. Rac1 Rfc8 19. Ne3 h6 20. h4 Kf8 21. g4 Na5 22. Rxc8+ Nxc8 23. Ng2 Nb3 24. Bc3 Na7 25. Nd2 Nxd2 26. Bxd2 Rc8 27. f4 Nc6 28. Bc3 Bd8 29. Kf2 Bb6 30. Ke3 Ke7 31. h5 Ba5 32. Rc1 Bb6 33. Rc2 Ke8 34. Ne1 Na7 35. Bb4 Rxc2 36. Bxc2 Bb5 37. Nd3 Bc6 38. Bc5 Nc8 39. Bb4 Bd8 40. Nc5 Nb6 41. Nxe6 fxe6 42. Bg6+ Kd7 43. Bf8 Nc8 44. Bxg7 Ke7 45. g5 hxg5 46. h6 1-0

[Event "Asian Zonal 3.3 Women 2019"]
[Site "Ulaanbaatar"]
[Date "2019.04.10"]
[Round "4.8"]
[White "Pham, Bich Ngoc"]
[Black "Hoang, Thi Bao Tram"]
[Result "1/2-1/2"]
[WhiteElo "2160"]
[BlackElo "2298"]
[Annotator "TA"]
[PlyCount "63"]
[EventDate "2019.04.07"]
[EventType "swiss"]
[EventRounds "9"]
[EventCountry "MGL"]
[SourceTitle "playchess.com"]
[Source "ChessBase"]
[SourceQuality "1"]

{[%evp 12,63,-4,4,17,-4,-10,-22,71,43,74,66,89,81,80,69,130,107,112,118,123,62,64,54,54,54,64,16,58,59,75,77,52,18,43,17,18,11,10,18,11,-110,-101,-102,-6,-7,-7,-7,0,0,0,0,0,0]} 1. c4 c6 2. g3 d5 3. Bg2 Nf6 4. Qc2 g6 5. Nf3 Bg7 6. O-O O-O 7. d3 b6 {A11: English Opening: 1...c6} 8. Nc3 Bb7 9. e4 e6 $146 (9... d4 $1 $11 {remains equal.} 10. e5 Ng4) ({Predecessor:} 9... Nbd7 10. e5 Ne8 11. d4 dxc4 12. Nd2 b5 13. Nxb5 Nb6 14. Rd1 cxb5 15. Bxb7 Rb8 16. Bg2 Nc7 17. Ne4 {½-½ (17) Vesselovsky,S (2339)-Petr,M (2511) Czech Republic 2015}) 10. cxd5 cxd5 11. e5 {Bg5 is the strong threat.} Nfd7 12. d4 Nc6 13. Nb5 Na5 ({Black should try} 13... Ba6 $14 14. Bg5 (14. Qxc6 Rc8 $11) 14... Qc8) 14. Nd6 Ba6 15. Re1 Nc4 16. Nxc4 (16. Bg5 $16 Qb8 17. Qa4 Nxd6 18. exd6 (18. Qxa6 Ne4 $16)) 16... Bxc4 17. b3 Ba6 18. Ba3 Re8 19. Rac1 Rc8 20. Qd2 Nb8 21. Rxc8 Qxc8 22. Rc1 Qd7 23. Rc2 Rc8 24. Qc1 Rxc2 25. Qxc2 Qc6 26. Ne1 (26. Qd2 $11 {keeps the balance.}) 26... Qxc2 $17 27. Nxc2 {[#]} Bf8 (27... Bd3 $1 $17 {[%cal Rd3c2]} 28. Bd6 Nc6) 28. Bf1 {The position is equal.} Bxf1 29. Kxf1 Nc6 30. Bxf8 Kxf8 31. Ke2 Ke7 32. f4 {Accuracy: White = 43%, Black = 36%.} 1/2-1/2

[Event "Asian Zonal 3.3 Women 2019"]
[Site "Ulaanbaatar"]
[Date "2019.04.10"]
[Round "4.9"]
[White "Nguyen, Thi Mai Hung"]
[Black "Tsogzolmaa, Nanjid"]
[Result "1/2-1/2"]
[WhiteElo "2281"]
[BlackElo "1815"]
[Annotator "TA"]
[PlyCount "176"]
[EventDate "2019.04.07"]
[EventType "swiss"]
[EventRounds "9"]
[EventCountry "MGL"]
[SourceTitle "playchess.com"]
[Source "ChessBase"]
[SourceQuality "1"]

{[%evp 12,176,16,17,60,41,60,32,34,31,37,28,68,45,43,35,71,71,65,68,44,62,59,47,46,47,51,42,80,85,79,77,81,84,142,141,134,10,60,-67,-1,-87,0,0,0,-19,85,89,187,76,50,51,43,0,0,0,0,0,0,0,0,0,0,-125,-120,-169,-182,-183,-166,-198,0,0,0,0,0,0,0,0,61,34,85,0,0,0,74,9,18,30,60,62,36,43,61,54,46,0,0,0,0,0,0,0,0,0,0,0,0,0,0,0,0,0,8,8,8,8,8,8,8,0,0,0,0,0,8,8,8,8,8,8,8,8,8,8,8,8,8,8,8,8,8,8,8,8,8,8,8,0,8,8,8,8,8,8,8,0,0,0,0,0,0,0,0,0,0,0,0]} 1. d4 e6 2. c4 Nf6 3. g3 d5 4. Nf3 dxc4 5. Bg2 Bd7 6. O-O {E04: Open Catalan: 5 Nf3} (6. Qc2 c5 7. Qxc4 Bc6 8. dxc5 Nbd7 9. Be3 Bd5 10. Qa4 Bc6 11. Qc4 Bd5 12. Qa4 Bc6 13. Qc4 Bd5 {½-½ (13) Leko,P (2690)-Harikrishna,P (2733) Porto Carras 2018}) 6... Bc6 7. Bg5 {LiveBook: 3 Games} b5 $146 ({Predecessor:} 7... Be7 8. Qc2 h6 9. Bxf6 Bxf6 10. Rd1 b5 11. a4 a6 12. Nc3 b4 13. Ne4 Be7 {1-0 (25) Brunello,S (2542)-Loiacono,L (2244) Chianciano Terme 2018}) 8. a4 {[%mdl 1024] White is slightly better. White has compensation.} a6 $1 9. Nc3 {aiming for d5!} b4 10. Nb1 Nbd7 11. Qc1 h6 12. Bxf6 Nxf6 13. Nbd2 Be7 14. Nxc4 Bd5 15. Nce5 c5 16. dxc5 Rc8 17. Nd3 a5 18. Qe3 O-O 19. Rfc1 Qc7 20. Nd4 Rfd8 21. Bxd5 Rxd5 22. Nb3 Ng4 (22... e5 $142) 23. Qf4 $16 Ne5 24. Rd1 (24. Nxe5 $1 $16 Rxe5 25. e3) 24... Bf6 25. Ne1 (25. Nxe5 $14 Bxe5 26. Qf3) 25... Qd7 ({Black should try} 25... Rxd1 $1 $15 26. Rxd1 Qc6) 26. Rdb1 (26. Qc1 $1 $11) 26... Qa7 (26... Be7 $17) 27. Qe4 $11 Qa6 28. Qc2 Qc4 (28... Be7 $11 29. e4 Rd6 $1 {[%mdl 512]}) 29. Rc1 $16 Qg4 (29... Qa6 $16) 30. f3 (30. Ng2 $18) 30... Qh3 31. Ng2 {Threatens to win with Nf4.} ({Wrong is} 31. Nxa5 $2 Ng4 $19) 31... Ng6 $1 32. e4 Rh5 33. Ne3 $1 Bg5 $1 $36 {[%cal Rg5e3][%mdl 2048] Black is pushing.} 34. Re1 Ne5 35. Qg2 $1 {[%cal Rg2h3] [#]} Qxh2+ $1 {[%mdl 512]} 36. Qxh2 Nxf3+ 37. Kf2 (37. Kg2 $1 $11 {was the only way to keep the balance.} Nxh2 38. Nc4) 37... Nxh2 $17 ({Inferior is} 37... Rxh2+ 38. Kxf3 Rxb2 39. Nxa5 $16) 38. Rh1 {intending Nc4.} Bxe3+ $1 39. Kxe3 Ng4+ $1 40. Kf4 {[#]} Rxh1 $2 ({Better is} 40... Rg5 $1 $19 {And now ...Nf2 would win.} 41. Rhd1 Ne5) 41. Rxh1 $19 {[%mdl 4096] Endgame KRN-KRN} Nf2 42. Rh2 Nd3+ 43. Ke3 $1 {[%cal Re3d3]} Ne5 $1 {[%cal Re5g4]} (43... Nxc5 44. Rc2 $16) 44. Rc2 Nc6 (44... Kf8 $11) 45. Nd4 $1 $14 Nb8 (45... Na7 $14) 46. Nb3 Nc6 47. Nd4 Nb8 {[#]} 48. c6 (48. Kd3 $1 $16) 48... e5 $11 49. Nf5 Kf8 50. c7 Na6 51. Rc6 Nxc7 52. Nd6 Rd8 53. Nxf7 (53. Nb7 {is more complex.} Rd7 54. Nxa5 Ne6 55. Nc4 Ke7 56. Nxe5 Rd1 57. a5) 53... Kxf7 {The position is equal.} 54. Rxc7+ $14 {KR-KR} Kf6 55. Ra7 Rc8 56. Ra6+ Kf7 57. Rxa5 Rc2 58. Rxe5 Rxb2 59. Rb5 Rb3+ 60. Kf4 g5+ 61. Kf5 Rf3+ 62. Kg4 Rb3 63. Rb6 h5+ 64. Kxh5 Rxg3 65. Rxb4 Ke6 66. a5 {Hoping for Ra4.} Ra3 67. Kxg5 {Black must now prevent Rb5.} (67. Rb5 {with more complications.} Ra4 68. a6 Rxe4 69. Ra5 Kf6 70. Rxg5 Ra4 71. Kh6) 67... Rxa5+ 68. Kf4 Ra6 69. Rb5 Rc6 70. Rh5 {Strongly threatening Rh6+.} Rc1 71. Rh6+ Ke7 72. Kf5 Ra1 73. Rh7+ Ke8 74. e5 {Threatening Kf6.} Ra6 75. Rb7 Rc6 76. Ke4 Rh6 77. Kd5 Rg6 78. Rh7 Ra6 79. Rb7 Rg6 80. Rb4 Ke7 81. Rc4 Rh6 82. Rc7+ Ke8 83. Rc6 Rxc6 84. Kxc6 Ke7 85. Kd5 Kd7 86. e6+ Ke7 87. Ke5 Ke8 88. Kd6 {Threatening mate with e7.} Kd8 {Precision: White = 57%, Black = 65%.} 1/2-1/2

[Event "Asian Zonal 3.3 Women 2019"]
[Site "Ulaanbaatar"]
[Date "2019.04.10"]
[Round "4.10"]
[White "Sihite, Chelsie Monica Igne"]
[Black "Margadgua, Erdenebayar"]
[Result "1-0"]
[WhiteElo "2227"]
[BlackElo "1585"]
[Annotator "NA RC"]
[PlyCount "79"]
[EventDate "2019.04.07"]
[EventType "swiss"]
[EventRounds "9"]
[EventCountry "MGL"]
[SourceTitle "playchess.com"]
[Source "ChessBase"]
[SourceQuality "1"]
[TimeControl "40/5400+30:1800+30"]

1. e4 c5 2. Nf3 d6 3. d4 cxd4 4. Nxd4 Nf6 5. Nc3 a6 6. Be3 e6 7. f3 b5 8. Qd2 Nbd7 9. O-O-O Bb7 10. g4 h6 11. h4 b4 12. Nce2 d5 13. Bh3 g5 14. hxg5 hxg5 15. e5 Nxe5 16. Bxg5 Rg8 17. Bxf6 Qxf6 18. g5 Qe7 19. b3 O-O-O 20. Kb1 Kb8 21. Qe3 Nd7 22. f4 Nc5 23. Rhg1 Ne4 24. Bg2 Nc5 25. Bf3 Qc7 26. c3 bxc3 27. Nxc3 Bd6 28. Nce2 Qb6 29. Rh1 Rh8 30. Rh6 Rdg8 31. Rdh1 Qd8 32. Qc3 Rxh6 33. Rxh6 Qc7 34. b4 Nd7 35. Qxc7+ Bxc7 36. Bh5 Rf8 37. Bg4 Kc8 38. g6 e5 39. g7 Rg8 40. Rh8 1-0

[Event "Asian Zonal 3.3 Women 2019"]
[Site "Ulaanbaatar"]
[Date "2019.04.10"]
[Round "4.11"]
[White "Frayna, Janelle Mae"]
[Black "Otgonjargal, Sengeravdan"]
[Result "1/2-1/2"]
[WhiteElo "2163"]
[BlackElo "2162"]
[Annotator "TA"]
[PlyCount "79"]
[EventDate "2019.04.07"]
[EventType "swiss"]
[EventRounds "9"]
[EventCountry "MGL"]
[SourceTitle "playchess.com"]
[Source "ChessBase"]
[SourceQuality "1"]

{[%evp 9,79,62,53,55,62,56,62,59,166,133,146,143,200,202,195,190,252,100,113,111,91,97,279,274,264,228,277,274,254,220,229,220,237,218,218,61,97,102,102,101,95,94,79,0,0,0,0,-72,0,0,-6,-8,0,0,0,0,0,0,0,0,0,0,40,47,72,0,0,0,87,0,7,0]} 1. Nf3 c5 2. e4 d6 3. Bb5+ Nc6 4. O-O a6 5. Bxc6+ bxc6 6. e5 {B51: Sicilian: Moscow Variation (3 Bb5+) without 3...Bd7} Bg4 7. h3 Bh5 8. d3 {White is slightly better.} (8. Re1 e6 9. d3 d5 10. Nbd2 Ne7 11. b3 Nc8 12. Nf1 Be7 13. Ng3 Bg6 {0-1 (57) Abel,D (2427)-Mueller,K (2528) Germany 2013}) 8... d5 (8... e6 $14) 9. g4 $18 Bg6 10. e6 $1 Qd6 (10... Nf6 $16) 11. Re1 $1 h5 12. g5 $146 ({Predecessor:} 12. Qd2 hxg4 13. hxg4 Nh6 {1-0 (30) Kruglyakov,P (2191)-Motrenko,N Kiev 2004}) 12... h4 (12... fxe6 $142 13. Ne5 Bf5) 13. exf7+ $2 (13. c4 $18 {has better winning chances.}) 13... Bxf7 $16 14. Ne5 {Black must now prevent c4.} Bh5 15. Qd2 g6 $2 (15... Nf6 $16 {might work better.}) 16. Qf4 $18 Qe6 17. Qxh4 Bg7 18. Qg3 $1 Qf5 19. f4 ({Resist} 19. Nxc6 $6 Rc8 $16) 19... e6 20. Nc3 {[%cal Bb1c3,Bc3a4,Ba4c5][%mdl 32]} ({Don't take} 20. Nxc6 $6 Rc8 $16) 20... Ne7 21. Na4 c4 22. dxc4 $2 (22. Nc5 $18) 22... Qxc2 23. Nc5 Nf5 24. Qf2 Qxf2+ 25. Kxf2 Nd4 26. Nxc6 (26. Rb1 $16) 26... Nxc6 $11 27. Nxe6 ({Don't blunder} 27. Rxe6+ $2 Ne7 $17) 27... Kf7 {And now ...Nb4 would win.} 28. Bd2 (28. Nxg7 $11 Kxg7 29. cxd5) 28... d4 ({Black should play} 28... Bxb2 $17 29. Rab1 Rab8 30. cxd5 Nd4 31. Nxd4 Bxd4+ 32. Be3 Bb2) 29. Nxg7 Kxg7 30. Re6 Rhe8 31. Rae1 Rxe6 32. Rxe6 Rc8 33. b4 Kf7 34. Rf6+ Ke8 35. c5 Kd7 {Strongly threatening ...Re8.} 36. Rd6+ {[%mdl 1024] White has compensation.} Kc7 {[#] Hoping for ...Re8.} 37. Re6 ({White should try} 37. f5 $1 $16) 37... Kd7 38. Rd6+ (38. f5 $11) 38... Kc7 $1 $16 {[#] Threatens to win with ...Re8.} 39. Re6 (39. f5 $1 $16) 39... Kd7 $11 40. Rd6+ {Accuracy: White = 61%, Black = 60%.} 1/2-1/2